[Event "Rishon Le Ziyyon-ch U18"]
[Site "Rishon Le Ziyyon"]
[Date "2023.04.04"]
[Round "9"]
[White "Ingel, Mica Bar"]
[Black "Bilenkiy, Maksym"]
[Result "0-1"]
[WhiteElo "1565"]
[BlackElo "1891"]
[PlyCount "106"]
[EventDate "2023.03.28"]
[EventType "swiss"]
[EventRounds "9"]
[EventCountry "ISR"]
[SourceTitle "CBM 213 Extra"]
[Source "ChessBase"]
[SourceDate "2023.05.31"]
[SourceVersion "1"]
[SourceVersionDate "2023.05.31"]
[SourceQuality "1"]

1. e4 e6 2. d4 d5 3. Nc3 Nf6 4. e5 Nfd7 5. Nf3 c5 6. Bb5 Nc6 7. Bf4 Qb6 8. Bxc6 bxc6 9. 0-0 cxd4 10. Nxd4 Be7 11. Na4 Qc7 12. Qg4 g6 13. Rfe1 h5 14. Qg3 Bb7 15. b3 Nf8 16. Bg5 h4 17. Qe3 h3 18. Bxe7 Qxe7 19. g3 Nd7 20. Rac1 Kf8 21. Nf3 c5 22. c3 Kg7 23. Nb2 Rh5 24. Nd3 Rd8 25. Nf4 Rhh8 26. Ng5 Nb6 27. f3 d4 28. cxd4 cxd4 29. Qd2 Nd5 30. Nfxh3 Rh5 31. g4 Rhh8 32. Nf4 Ne3 33. Ngxe6+ fxe6 34. Rc7 Rd7 35. Rxd7 Qxd7 36. Rxe3 Rf8 37. Qxd4 Qf7 38. Nh3 Qe7 39. Qd6 Qh4 40. Nf2 Bxf3 41. Qxe6 Bd5 42. Qd7+ Rf7 43. Qxf7+ Kxf7 44. h3 Qg5 45. Re1 Qf4 46. e6+ Ke7 47. Kf1 Qf3 48. h4 Qg2+ 49. Ke2 Bf3+ 50. Ke3 Qg3 51. Rf1 Bg2+ 52. Ke2 Qf3+ 53. Ke1 Qe3+ 0-1

[Event "ISR-chT (Women)"]
[Site "Tel Aviv"]
[Date "2021.10.30"]
[Round "5.19"]
[White "Qasem, Huda"]
[Black "Ingel, Mica Bar"]
[Result "1-0"]
[WhiteElo "1768"]
[BlackElo "1370"]
[PlyCount "133"]
[EventDate "2021.10.28"]
[EventType "team-swiss"]
[EventRounds "5"]
[EventCountry "ISR"]
[SourceTitle "CBM 204 Extra"]
[Source "ChessBase"]
[SourceDate "2021.11.30"]
[SourceVersion "1"]
[SourceVersionDate "2021.11.30"]
[SourceQuality "1"]
[WhiteTeam "Kfar Saba (W)"]
[BlackTeam "Kiryat Ono (W)"]
[WhiteTeamCountry "ISR"]
[BlackTeamCountry "ISR"]

1. e4 e5 2. Nf3 Nc6 3. Bb5 f5 4. Nc3 Nf6 5. d3 fxe4 6. dxe4 d6 7. h3 Be7 8. a3 Be6 9. Ng5 Bg8 10. Nf3 a6 11. Bd3 h6 12. Bd2 Bf7 13. Qe2 Nh7 14. Bc4 Bxc4 15. Qxc4 Qd7 16. Nd5 Nf6 17. Nxe7 Nxe7 18. 0-0-0 Qc6 19. Qxc6+ Nxc6 20. Rde1 Kf7 21. Rhf1 Rhe8 22. Bc3 Ne7 23. h4 Ng6 24. g3 Nd7 25. Nd2 h5 26. Nc4 Nc5 27. b4 Ne6 28. Ne3 Ke7 29. Nf5+ Kd7 30. f4 exf4 31. gxf4 Ngxf4 32. Nxg7 Nxg7 33. Rxf4 Re7 34. Rg1 Ne6 35. Rf5 Rf8 36. Rgf1 Rxf5 37. exf5 Nf8 38. Kd2 Re4 39. Bf6 Nh7 40. Bg5 Rg4 41. f6 Nxg5 42. hxg5 Ke8 43. Re1+ Kf8 44. Re7 Rxg5 45. Rxc7 Rd5+ 46. Ke3 Rf5 47. Rxb7 Rxf6 48. Rh7 Rg6 49. Rxh5 Rg3+ 50. Kd4 Rxa3 51. Rh7 Ke8 52. Ra7 Kd8 53. c4 Rb3 54. Rxa6 Rxb4 55. Rxd6+ Kc7 56. Rh6 Rb8 57. Kc5 Rg8 58. Rh7+ Kc8 59. Kb5 Kb8 60. c5 Ka8 61. Kb6 Rb8+ 62. Ka6 Rc8 63. Rf7 Kb8 64. Kb6 Rg8 65. c6 Re8 66. Rb7+ Kc8 67. Ra7 1-0